000 07258cam a22019094i 4500
003 PE-LiUPU
005 20250813165815.0
008 150706s2009 mx a rb 000 0 spa d
020 _a9701072456
020 _a9789701072455
035 _a(Sirsi) i9789701072455
040 _aPE-LiUPU
_bspa
_cPE-LiUPU
_dPE-LiUPU
_erda
049 _aPRUA
082 0 4 _a610.73678
_bE5
_221
082 0 4 _a618.2
_bG84 2009
100 1 _aGuana, Miriam,
_eautor.
245 1 0 _aEnfermería ginecoobstétrica /
_cMiriam Guana, [y otros cuatro].
264 1 _aMéxico :
_bMcGraw-Hill Interamericana,
_c2009.
300 _a698 páginas :
_bilustraciones ;
_c27 centímetros
336 _atext
_2rdacontent
337 _aunmediated
_2rdamedia
338 _avolume
_2rdacarrier
504 _aIncluye bibliografía.
505 0 _aTeorías y conceptos -- Teorías y conceptos de la disciplina obstétrica -- El método científico en la disciplina obstétrica -- La investigación en la disciplina obstétrica -- Salud y bienestar de la mujer en el campo sexual reproductivo -- Clínica básica -- Asistencia básica aplicada -- Administración de fármacos -- Asistencia quirúrgica general y perioperatoria -- Pruebas y procedimientos diagnósticos básicos en el ámbito obstétrico-ginecológico -- Organización de la profesión -- Historia de la disciplina obstétrica -- Deontología profesional y principios de bioética en el campo sexual y reproductivo -- Estatus, competencias y responsabilidad del obstetra. Leyes y reglamentos -- Derecho sanitario y economía sanitaria -- El obstetra de la comunidad -- Calidad de los cuidados obstétricos -- Principios del management aplicado a la profesión obstétrica -- Principios de medicina legal aplicados a la profesión -- Inglés científico aplicado a la profesión -- Proceso del nacimiento -- Embarazo, parto y puerperio: dimensión biológica -- "Cuidar" en el proceso del nacimiento -- Vigilancia del bienestar fetal -- La gestión clínica del embarazo de bajo riesgo -- Asistencia y control en el parto de bajo riesgo -- Las evidencias científicas en obstetricia -- Asistencia y vigilancia en el puerperio fisiológico -- La centralidad de la pareja en el proceso de nacimiento -- Procesos asistenciales en las patologías del embarazo-parto-puerperio -- Asistencia quirúrgica obstétrica -- Asistencia especial obstetriconeonatal -- Aplicación del proceso de asistencia del neonato -- Planes de asistencia en neonatología: hospitales, centros de atención primaria -- Alimentación del neonato y del lactante -- Promoción y tutela de la salud del neonato -- Procesos asistenciales en ginecología -- Exploración del estado de salud de la mujer -- Procesos asistenciales en la prevención de las enfermedades de transmisión sexual -- Procesos asistenciales en oncoginecología -- Procesos asistenciales para la mujer en la menopausia y el climaterio -- Planes de asistencia en las investigaciones diagnósticas e instrumentales -- Plan de asistencia en las patologías ginecológicas -- Consultoría sexológica -- Tutela de la maternidad y de la paternidad responsables y contracepción -- Procesos asistenciales en uroginecología.
526 _aP203
526 _aP200
526 _aSEG65
526 _aSEG64
526 _aSEG63
526 _aSEG62
526 _aSEG61
526 _aSEG60
526 _aSEG59
526 _aSEG58
526 _aSEG57
526 _aSEG56
526 _aSEG55
526 _aSEG54
526 _aSEG53
526 _aSEG52
526 _aSEG51
526 _aSEG50
526 _aSEG49
526 _aSEG48
526 _aSEG47
526 _aSEG46
526 _aSEG24
526 _aSEG23
526 _aSEG22
526 _aSEG21
526 _aSEG20
526 _aSEG19
526 _aSEG18
526 _aSEG17
526 _aSEG16
526 _aSEG14
526 _aSEG13
526 _aSEG12
526 _aSEG11
526 _aSEG10
526 _aSEG09
526 _aSEG06
526 _aSEG05
526 _aSEG04
526 _aSEG03
526 _aSEG02
526 _aSEG68
526 _aSEG66
526 _aSEG45
526 _aSEG25
526 _aSEG01
526 _aP163
526 _aP162
526 _aP161
526 _aP160
526 _aP159
526 _aP158
526 _aP157
526 _aP156
526 _aP155
526 _aP154
526 _aP153
526 _aP152
526 _aP151
526 _aP150
526 _aP149
526 _aP142
526 _aP141
526 _aP140
526 _aP139
526 _aP138
526 _aP137
526 _aP132
526 _aP131
526 _aP130
526 _aP126
526 _aP125
526 _aP124
526 _aP123
526 _aP115
526 _aP122
526 _aP121
526 _aP116
526 _a P114
526 _aP112
526 _aP111
526 _aP104
526 _aP103
526 _aP102
526 _aP101
526 _aP100
526 _aP96
526 _aP95
526 _aP93
526 _aP92
526 _aP91
526 _aP88
526 _aP83
526 _aP82
526 _aP79
526 _aP78
526 _aP75
526 _aP74
526 _aP71
526 _aP69
526 _a P51
526 _aP49
526 _aP48
526 _aP47
526 _aP33
526 _aP31
526 _a P30
526 _aP29
526 _aP27
526 _aP26
526 _aP25
526 _aP24
526 _a P22
526 _aP10
526 _aP09
526 _a P08
526 _aP06
526 _aP05
526 _aP04
526 _aP01
541 _g001-000090;
541 _g001-000238;
650 0 4 _aEnfermería de maternidad.
650 0 4 _aEnfermeria ginecológica.
650 0 4 _aServicios de salud para la mujer.
910 _bjv
_cng
_d20130508
942 _2ddc
_cBOOK
949 _a610.73678 E5
_wDEWEY
_c1
_i62106
_lCCODEBUL1
_mBUL
_p68.00
_r0
_sY
_tBOOK
_u2015-7-6
_xSALUD
_PP22
_0COMPRA
_o.STAFF. Colección Ciencias de la Salud
949 _a610.73678 E5
_wDEWEY
_c2
_i67113
_lCCODEBUL1
_mBUL
_p67.00
_r0
_sY
_tBOOK
_u2015-7-6
_xSALUD
_PP22
_0COMPRA
_o.STAFF. Colección Ciencias de la Salud
949 _a618.2 G84 2009
_wDEWEY
_c1
_iFJ09871
_lCCODEBUJ1
_mBUJ
_p68.00
_r0
_sY
_tBOOK
_u2015-9-11
_xSALUD
_PP22
_0COMPRA
_o.STAFF. Colección General Juliaca
994 _aC0
_bPEPRU
596 _a1 3
999 _a610.73678 E5
_wDEWEY
_c51193
_i62106
_d51193
_e2018-8-1
_f2021-11-3
_g5
_lCCODEBUL1
_mBUL
_n1
_p68.00
_q1
_r0
_sY
_tBOOK
_u2015-7-6
_xSALUD
_zP22
_0COMPRA
_o.STAFF. Colección Ciencias de la Salud
999 _a610.73678 E5
_wDEWEY
_c2
_i67113
_d2018-11-13
_f2021-11-3
_g5
_lCCODEBUL1
_mBUL
_p67.00
_q1
_r0
_sY
_tBOOK
_u2015-7-6
_xSALUD
_zP22
_0COMPRA
_o.STAFF. Colección Ciencias de la Salud
999 _a618.2 G84 2009
_wDEWEY
_c1
_iFJ09871
_d2020-2-4
_f2022-1-25
_g4
_lCCODEBUJ1
_mBUJ
_p68.00
_q2
_r0
_sY
_tBOOK
_u2015-9-11
_xSALUD
_PP22
_0COMPRA
_o.STAFF. Colección General Juliaca
980 _81
_gALBERTO SANCHEZ Responsable de Automatización